Algunas noticias sobre el clero español en la Argelia francesa, en vísperas de la Ley de Naturalización Automática de 1889 / (Record no. 91701)

MARC details
000 -LEADER
campo de control de longitud fija 00790nam a2200205 i 4500
001 - NÚMERO DE CONTROL
campo de control 91701
003 - IDENTIFICADOR DE NÚMERO DE CONTROL
campo de control ES-MaACL
005 - FECHA Y HORA DE LA ÚLTIMA TRANSACCIÓN
campo de control 20250809063509.0
007 - CAMPO FIJO DE DESCRIPCIÓN FÍSICA--INFORMACIÓN GENERAL
campo de control de longitud fija t|
008 - DATOS DE LONGITUD FIJA--INFORMACIÓN GENERAL
campo de control de longitud fija 050208s1990 sp ||||1| spa d
080 ## - NÚMERO DE LA CLASIFICACIÓN DECIMAL UNIVERSAL
Número de la Clasificación Decimal Universal 262.14(460)"18"
100 1# - ENTRADA PRINCIPAL--NOMBRE DE PERSONA
Nombre de persona Vilar, Juan Bautista,
Fechas asociadas al nombre 1941-2018
9 (RLIN) 114797
245 10 - MENCIÓN DEL TÍTULO
Título Algunas noticias sobre el clero español en la Argelia francesa, en vísperas de la Ley de Naturalización Automática de 1889 /
Mención de responsabilidad, etc. por Juan Bta. Vilar.
260 ## - PUBLICACIÓN, DISTRIBUCIÓN, ETC.
Lugar de publicación, distribución, etc. [Madrid] :
Nombre del editor, distribuidor, etc. Centro de Estudios Históricos, Departamento de Historia de la Iglesia,
Fecha de publicación, distribución, etc. [1990]
300 ## - DESCRIPCIÓN FÍSICA
Extensión p. 531-536 ;
Dimensiones 24 cm.
500 ## - NOTA GENERAL
Nota general Separata de: Hispania Sacra, vol. 42, 1990.
650 14 - PUNTO DE ACCESO ADICIONAL DE MATERIA--TÉRMINO DE MATERIA
Término de materia o nombre geográfico como elemento de entrada Clero-
Subdivisión geográfica España-
Subdivisión cronológica S.XIX.
9 (RLIN) 11117
852 ## - LOCALIZACIÓN
Ubicación ES-MaACL
Número de control de estantería 2186-F-7
Sublocalización o colección R.135346
Holdings
Estatus retirado Estado de pérdida Estado de daño No para préstamo Colección Biblioteca de origen Biblioteca actual Ubicación en estantería Fecha de adquisición Fuente de adquisición Total de préstamos Signatura topográfica completa Código de barras Visto por última vez Precio de reemplazo Tipo de ítem Koha
        Colección de folletos Biblioteca del Ateneo de Madrid Biblioteca del Ateneo de Madrid Depósito folletos 17/01/2008     2186-F-7 1095744 23/02/2023 23/02/2023 Folleto